| 000 | 00571 a2200217 4500 | ||
|---|---|---|---|
| 005 | 20260116162137.0 | ||
| 008 | 260115b |||||||| |||| 00| 0 eng d | ||
| 020 |
_a9789356815636 _cRs. 725.00 |
||
| 040 | _aMAIN | ||
| 082 |
_a572 _bP881G |
||
| 100 | _aPrabhanshu Kumar | ||
| 245 | _aGATE 2026: Life science biochemistry | ||
| 260 |
_bG K Publications _c2026 _aFaridabad |
||
| 300 | _av. | ||
| 650 | _aBiochemistry | ||
| 650 | _aGATE-2026-Biochemistry | ||
| 650 | _aLife Science | ||
| 700 | _aMaurya, Pawan Kr | ||
| 700 | _aPreeti T Kumar | ||
| 942 | _cBK | ||
| 999 |
_c395149 _d395149 |
||